| 000 | 01229cam a2200325 i 4500 | ||
|---|---|---|---|
| 999 |
_c10115 _d10115 |
||
| 001 | 10115 | ||
| 003 | BD-JhCC | ||
| 005 | 20201209134020.0 | ||
| 008 | 180417s1978 enka 001 0 eng | ||
| 020 |
_a0701123230 : _c£3.95. _a0701123249 |
||
| 035 | _a(BD-JhCC)10115 | ||
| 040 |
_aDLC _cDLC _dDLC _dBD-JhCC |
||
| 041 | 1 | _aengger | |
| 050 | 0 | 0 |
_aQK281 _b.S4413 |
| 082 | 0 | 0 |
_a582/.13/099 _bSEI 1978 |
| 100 | 1 | _aSeidel, Dankwart. | |
| 240 | 1 | 0 | _aHeimische Pflanzen. |
| 245 | 1 | 0 |
_aBritish and European wild flowers / _cidentified and illustrated with colour photographs by Dankwart Seidel ; photographed by Wilhelm Eisenreich ; translated by Anthea Bell ; edited by David McClintock. |
| 260 |
_aLondon : _bChatto & Windus, _cc1978. |
||
| 300 |
_a143 p. : _bcol. ill. ; _c19 cm. |
||
| 490 | 0 | _aChatto nature guides | |
| 500 | _aTranslation of Unsere häufigsten wildwachsenden Blütenpflanzen, which is v. 1 of Heimische Pflanzen. Cf. Deut. Bibl. 1978, A17, 489. | ||
| 500 | _aIncludes indexes. | ||
| 650 | 0 |
_aWild flowers _zEurope _xIdentification. |
|
| 650 | 0 |
_aWild flowers _zGreat Britain _xIdentification. |
|
| 700 | 1 | _aEisenreich, Wilhelm. | |
| 700 | 1 | _aMcClintock, David. | |
| 942 |
_2ddc _cBK _02 |
||